00809 2200265 4500001002100000005001700021008004100038020001800079035002400097082001100121090002100132245014300153250001000296260004700306300001900353650003100372700002900403700001800432700002100450850001500471980001100486985000600497986001300503999002700516YOGYA-0209000005566620090227033553.0 ind  a979-9483-45-X 0010-020900000055666 a297.63 a297.63bReklDEP aREKONSTRUKSI metodologis wacana kesejahteraan gender dalam IslamcSiti Ruhaini Dzuhayatin..[et.al];penyunting,Ema Marhumah,Lathiful Khuluq aCet.1 aYogyakartabPSW. IAIN Sunan Kalijagac2002 a239 hlmc21 cm aIslam dan Kedudukan Wanita aDzuhayatin, Siti Ruhaini aMarhumah, Ema aKhuluq, Lathiful aYOPDBPD(M) a210704 a1 apkl-ppkp a2002-61s/d64 h CB-D.11